000
00457nam a2200133Ia 4500
008
100328s9999 xx 000 0 und d
082
_b
69865
100
_a
पवार शरद.
245
_a
काटेवाडी ते मंत्रालय.
260
_b
आविष्कार.
630
_a
काटेवाडी ते मंत्रालय.
730
_a
काटेवाडी ते मंत्रालय.
942
_c
BOOK
999
_c
555594
_d
555591